Eliminate Your Options: Language Edition Quiz Stats

 Plays Quiz Updated Jun 28, 2019

Score 0/10 Timer 06:00
0 Plays Today
Question Answer Wrong Answers
Romance Languages
ELIMINATE The one that is official in Brazil

ELIMINATE The second most spoken language in the world

ELIMINATE The one who borrowed from Gaulish and Frankish

Choose the only one left
Italian
85%
Spanish
2.4%
Portuguese
2.5%
French
6.3%
Fictional Languages
ELIMINATE The one spoken in the Star Trek universe

ELIMINATE The one created by a government to replace human thought

ELIMINATE The one created by J.R.R. Tolkien

Choose the only one left
Dothraki
84.7%
Klingon
3.1%
Newspeak
4.8%
Elvish languages (Middle-earth)
3.4%
Most Spoken Languages
ELIMINATE The one that has 26 letters in its alphabet

ELIMINATE The one that is an official language in 25 countries

ELIMINATE The one spoken by the most people

Choose the only one left
Hindi
81.9%
Chinese
3.5%
English
2.8%
Arabic
8.1%
Verb Tense
ELIMINATE The one that 'wrote,' 'threw,' and 'went' show

ELIMINATE The one that 'will' indicates

ELIMINATE The one that 'I have done' is the best example of

Choose the only one left
Present
81.5%
Past
2%
Future
2.5%
Perfect
9.9%
Parts of Speech
ELIMINATE The one that is a person, place, thing, or idea

ELIMINATE The one that branches into action, linking, or helping

ELIMINATE The one that includes 'Wow' or 'Oh'

Choose the only one left
Adjective
81.1%
Noun
2.2%
Verb
9.7%
Interjection
3.1%
Sentence Types
ELIMINATE The one that illustrates a command

ELIMINATE The one that 'I had eggs for lunch' is an example of

ELIMINATE The one that ends with a question mark

Choose the only one left
Exclamatory
77%
Declarative
3%
Interrogative
5.2%
Imperative
10.6%
Figurative Language
ELIMINATE The one where a nonhuman object is given a human quality

ELIMINATE The one that centers around the words 'like' or 'as'

ELIMINATE The one 'I could eat a horse' is

Choose the only one left
Metaphor
70.1%
Simile
7.3%
Hyperbole
15.7%
Personification
2.9%
Punctuation
ELIMINATE The one that is also the name of an organ

ELIMINATE The one that is NOT made up solely of dots

ELIMINATE The one that signifies something is missing

Choose the only one left
Period
66.7%
Ellipsis
8.3%
Comma
18.6%
Colon
2.7%
Humor
ELIMINATE The one that describes a combination of 2 words

ELIMINATE The one that 'I eat belly jeans' is an example

ELIMINATE The one that is a Sporcle subcategory

Choose the only one left
Malaprop
54.9%
Portmanteau
16.2%
Spoonerism
21.1%
Wordplay
3.8%
Miscellaneous
ELIMINATE The one created by L. L. Zamenhof, a Polish ophthalmologist

ELIMINATE The one used by the Blind

ELIMINATE The one used in computer science/programming

Choose the only one left
American Sign Language
54.7%
Esperanto
35.6%
Braille
2.7%
C++
3.1%

You're not logged in!

Compare scores with friends on all Sporcle quizzes.
OR
Log In

Sporcle TV

Today on Sporcle TV


Watch our educational content, quiz creation guides, and fun videos on Sporcle TV.

Show Comments

Extras

Top Quizzes Today


Score Distribution

Your Account Isn't Verified!

In order to create a playlist on Sporcle, you need to verify the email address you used during registration. Go to your Sporcle Settings to finish the process.

Report this User

Report this user for behavior that violates our Community Guidelines.

Details: